Sports Quiz

Random Sports or Play Quiz

Oakland A's Hall of Famers Quiz Stats

 Plays Quiz not verified by Sporcle

Challenge
Share
Tweet
Embed
Score 0/12 Timer 04:00
0 Plays Today
Position Player % Correct
Right fielderReggie Jackson
71.2%
Relief pitcherDennis Eckersley
71.1%
Left fielderRickey Henderson
66.6%
PitcherRollie Fingers
66.3%
PitcherCatfish Hunter
59.5%
ManagerDick Williams
36.5%
Left fielderBilly Williams
33.8%
Relief pitcherGoose Gossage
27.1%
Second basemanJoe Morgan
23.7%
First basemanWillie McCovey
14.4%
PitcherDon Sutton
13.6%
First basemanOrlando Cepeda
11.1%

You're not logged in!

Compare scores with friends on all Sporcle quizzes.
Join for Free
OR
Log In

You Might Also Like...

Show Comments

Extras

Top Quizzes Today


Score Distribution

Your Account Isn't Verified!

In order to create a playlist on Sporcle, you need to verify the email address you used during registration. Go to your Sporcle Settings to finish the process.

Report this User

Report this user for behavior that violates our Community Guidelines.

Details: